书目信息 |
| 题名: |
城市水管理中的新思维
|
|
| 作者: | 马克斯毛维克 , Maksimovic , 特加大-古波特 , Tejada-Guibert 编著 ;陈吉宁 编著/译 | |
| 分册: | ||
| 出版信息: | 北京 化学工业出版社 2006 |
|
| 页数: | 244页 | |
| 开本: | 26cm | |
| 丛书名: | ||
| 单 册: | ||
| 中图分类: | TU991.31 | |
| 科图分类: | ||
| 主题词: | 城市用水--水资源管理--研究 , 城市用水 , 水资源管理 | |
| 电子资源: | ||
| ISBN: | 7-5025-8143-X | |
| 000 | 01557nam0 2200325 450 | |
| 001 | 012007459076 | |
| 005 | 20070522171137.51 | |
| 010 | @a7-5025-8143-X@dCNY49.00 | |
| 100 | @a20070514d2006 km y0chiy0120 ea | |
| 101 | 1 | @achi@ceng |
| 102 | @aCN@b110000 | |
| 105 | @aa z 000yy | |
| 106 | @ar | |
| 200 | 1 | @a城市水管理中的新思维@Acheng shi shui guan li zhong de xin si wei@e是僵局还是希望@f(英)赛度·马克斯毛维克(Cedo Maksimovic),(法)约瑟·阿伯塔·特加大-古波特(Jose Alberto Tejada-Guibert),陈吉宁编著@F(ying)sai du·ma ke si mao wei ke(Cedo Maksimovic),(fa)yue se·a bo ta·te jia da-gu bo te(Jose Alberto Tejada-Guibert),chen ji ning bian zhu@g陈吉宁译@Gchen ji ning yi |
| 210 | @a北京@c化学工业出版社@d2006 | |
| 215 | @a244页@c图@d26cm | |
| 330 | @a本书从客观和建设性的角度,对城市水问题的多个方面进行了讨论,以前瞻性的目光分析了城市水管理中的前沿知识和经验,从问题和科学发展规律等多角度分析了城市水系统的当前状况,为未来的发展指明了方向。 | |
| 510 | 1 | @aFrontiers in urban water management@edeadlock or hope@zeng |
| 517 | 1 | @a是僵局还是希望@Ashi jiang ju hai shi xi wang |
| 606 | 0 | @a城市用水@x水资源管理@x研究 |
| 606 | 0 | @a城市用水 |
| 606 | 0 | @a水资源管理 |
| 690 | @aTU991.31@v4 | |
| 701 | 1 | @c(英)@a马克斯毛维克@Ama ke si mao wei ke@b赛度@4编著 |
| 701 | 1 | @c(英)@aMaksimovic@bCedo@4编著 |
| 701 | 1 | @c(法)@a特加大-古波特@Ate jia da-gu bo te@b约瑟·阿伯塔@4编著 |
| 701 | 1 | @c(法)@aTejada-Guibert@bJose Alberto@4编著 |
| 702 | 0 | @a陈吉宁@Achen ji ning@4编著/译 |
| 801 | 0 | @aCN@bRULIN@c20070522 |
| 905 | @dTU991.31@e357@s10 | |
| 城市水管理中的新思维:是僵局还是希望/(英)赛度·马克斯毛维克(Cedo Maksimovic),(法)约瑟·阿伯塔·特加大-古波特(Jose Alberto Tejada-Guibert),陈吉宁编著/陈吉宁译.-北京:化学工业出版社,2006 |
| 244页:图;26cm |
| ISBN 7-5025-8143-X:CNY49.00 |
| 本书从客观和建设性的角度,对城市水问题的多个方面进行了讨论,以前瞻性的目光分析了城市水管理中的前沿知识和经验,从问题和科学发展规律等多角度分析了城市水系统的当前状况,为未来的发展指明了方向。 |
| ● |
| 相关链接 |
|
|
|
|
正题名:城市水管理中的新思维
索取号:TU991.31/357
 
预约/预借
| 序号 | 登录号 | 条形码 | 馆藏地/架位号 | 状态 | 备注 |
| 1 | 0574199 | 205741991 | 第二样本阅览室/ [索取号:TU991.31/357] | 在馆 | |
| 2 | 0574200 | 205742008 | 第三借阅区/ [索取号:TU991.31/357] | 在馆 | |
| 3 | 0574201 | 205742017 | 第三借阅区/ [索取号:TU991.31/357] | 在馆 | |
| 4 | 0574202 | 205742026 | 第三借阅区/ [索取号:TU991.31/357] | 在馆 | |
| 5 | 0574203 | 205742035 | 第三借阅区/ [索取号:TU991.31/357] | 在馆 | |
| 6 | 0574204 | 205742044 | 第三借阅区/ [索取号:TU991.31/357] | 在馆 | |
| 7 | 0574205 | 205742053 | 第三借阅区/ [索取号:TU991.31/357] | 在馆 | |
| 8 | 0574206 | 205742062 | 第三借阅区/ [索取号:TU991.31/357] | 在馆 | |
| 9 | 0574207 | 205742071 | 第三借阅区/ [索取号:TU991.31/357] | 在馆 | |
| 10 | 0574208 | 205742080 | 第三借阅区/ [索取号:TU991.31/357] | 在馆 |